Sheffield Wednesday Top Goalscorers of All Time - Statistics

General Stats
  • This quiz has been taken 13 times
  • The average score is 12 of 50
Answer Stats
Player APP Goals % Correct
Barry Bannan 440 34
77%
David Hirst 298 98
77%
Josh Windass 173 51
62%
Mark Bright 163 65
62%
Fernando Forestieri 134 40
54%
Michael Smith 119 32
54%
Benny Carbone 106 26
46%
Atdhe Nuhiu 277 50
38%
Gary Hooper 89 31
38%
Gerald Sibon 148 42
38%
Imre Varadi 72 23
38%
Lee Chapman 164 69
38%
Steven Fletcher 136 38
38%
Andy Booth 150 33
31%
Chris Bart-Williams 148 22
31%
Chris Brunt 153 25
31%
Jermaine Johnson 254 30
31%
Lucas Joao 127 29
31%
Marcus Tudgay 211 52
31%
Mel Sterland 180 28
31%
Bobby Craig 88 25
23%
Callum Paterson 177 30
23%
Johnny Fantham 372 141
23%
John Quinn 178 21
23%
Kieran Lee 217 22
23%
Steven MacLean 90 35
23%
Adam Reach 230 24
15%
David Ford 125 32
15%
Dennis Woodhead 113 40
15%
Ellis Rimmer 46 24
15%
Gary Madine 113 28
15%
Lee Gregory 101 29
15%
Redfern Froggatt 205 68
15%
Roy Shiner 86 38
15%
Alan Finney 385 65
8%
Albert Quixall 180 44
8%
Colin Dobson 185 52
8%
David Layne 77 57
8%
Deon Burton 124 25
8%
Efan Ekoku 71 21
8%
Jack Whitham 65 27
8%
Jim McCalliog 157 21
8%
Billy Griffin 35 21
0%
Brian Marwood 143 30
0%
Derek Wilkinson 179 41
0%
Guy Whittingham 129 23
0%
Jackie Sewell 115 52
0%
Jack Saw 56 21
0%
John Ritchie 94 36
0%
Keith Ellis 102 52
0%
No matching quizzes found
Score Distribution
Percent of People with Each Score
Percentile by Number Answered
Your Score History
You have not taken this quiz